000
00199nam a2200085Ia 4500
008
180219s9999 xx 000 0 und d
100
_a
Venkataian S
245
0
_a
Restructussing Of Teachess Word
260
_a
Anmol
260
_c
2007
999
_c
42609
_d
42609